Statistiques concernant Focus sur: Terrence Higgs - Harry Potter

Cliquez ici pour prendre le quiz!

Statistiques générales

  • Ce quiz a été pris 20 fois
  • Le résultat moyen est 5 sur 6

Statistiques - réponses

Informations recherchéesRéponses% Correct
Lieu de rencontre avec Harry PotterPoudlard
100%
Ecole fréquentéePoudlard
100%
Maison fréquentéeSerpentard
94%
Poste occupé au QuidditchAttrapeur
89%
Première apparitionHarry Potter à l'école des sorciers
72%
Acteur l'interprétant dans les filmsWill Theakston
17%

Distribution des résultats

Percentile par nombre de réponses

% des personnes avec chaque résultat

Votre développement - résultats

Vous n’avez pas pris ce quiz